00714cam a2200241 i 4500001000800000005001700008008004100025010001700066020002500083040001800108041000800126043001200134080000800146082001200154100000700166101000800173245005500181504005100236906004500287942001200332999001700344952011100361319491420180216075430.0780215s1977 kyu b 001 0 eng  a 77073706  a0813113636 :c$13.50 aDLCcDLCdDLC aeng an-us-ky a32000a320 LYO1 a19 aSHP14aThe politics of city-county merger :cW. E. Lyons. aIncludes bibliographical references and index. a7bcbccorignewd2eopcnf19gy-gencatlg 2ddccBK c42818d42818 00102udc40708PËKGa002b002cPËKGd2018-02-16l0o320 LYOp002-2998798r2018-02-16w2018-02-16yBK